000 00833na a2200277 4500
001 16758
003 MIRAKIL
005 20181213155034.0
008 170209b tu 000 0
020 _a9751800838
040 _aMilas
_btur
_cTR-AnCHP
041 _atur
_aeng
082 _a956.211
_bİ95 2003
090 _a956.211 İ95 2003
245 _aİzmir kartpostalları 1900
_b=Izmir in postcars 1900
_chazırlayanlar Fikret Yılmaz, Sabri Yetkin
246 _aIzmir in postcars 1900
260 _aİzmir
_bİzmir Büyükşehir Belediyesi Kültür Yayını
_c2003
300 _a320 s.
_bfotg.
_c31 sm.
440 _aKent Kitaplığı Dizisi
_v40
650 _aKartpostallar
_zİzmir
651 _aİzmir
_xTarih
700 _aBinzet, Seyhun
700 _aYetkin, Sabri
700 _aYılmaz, Fikret
942 _2ddc
_cBKS
999 _c5352
_d5352